[Event "17e tournoi de Noël"]
[Site "Montigny le Bretonneux"]
[Date "2016.12.28"]
[Round "4.18"]
[White "Benbakir, Ameur"]
[Black "Ider, Ariuna"]
[Result "1-0"]
[WhiteElo "1495"]
[BlackElo "1119"]
[Annotator "Rivier,Sylvain"]
[PlyCount "119"]
[EventDate "2016.??.??"]

{Défense scandinave} 1. e4 d5 2. exd5 Qxd5 3. Nc3 Qa5 4. Bc4 Nf6 5. Nge2 Bg4 6.
O-O Nc6 7. Bb3 Bh5 8. f3 e5 9. d3 Bc5+ 10. Kh1 O-O-O 11. Bd2 Bb4 12. a3 Bxc3
13. Nxc3 Qc5 14. Qe1 h6 15. Ba2 Nd4 16. Rc1 Rde8 17. b4 Qd6 18. Ne4 Nxe4 19.
dxe4 g5 20. Qg3 Ne2 21. Qe1 Nxc1 22. Qxc1 Bg6 23. c4 f6 24. c5 Qd7 25. Rd1 Rd8
26. Bd5 c6 27. Bc4 h5 28. a4 g4 29. b5 Qc7 30. bxc6 Qxc6 31. Bb5 Qc7 32. c6 Kb8
33. Qb2 Qb6 34. a5 Qxa5 35. Be2 Qb6 36. Qa2 Qxc6 37. Rc1 Qd6 38. Be3 a6 39. Kg1
gxf3 40. gxf3 Rhg8 41. Kf2 f5 42. Rb1 fxe4 43. Bxa6 Rg7 44. Bb5 b6 45. Ra1 Qd5
46. Bc4 Qa5 47. Qb2 Rd2+ 48. Bxd2 Qc5+ 49. Be3 Qxc4 50. Qxb6+ Rb7 51. Qd6+ Qc7
52. Qf8+ Qc8 53. Ra8+ Kxa8 54. Qxc8+ Rb8 55. Qc6+ Rb7 56. Qxg6 Rb2+ 57. Kg3 h4+
58. Kh3 exf3 59. Qc6+ Rb7 60. Qxf3 1-0

[Event "17e tournoi de Noël"]
[Site "Montigny le Bretonneux"]
[Date "2016.12.28"]
[Round "4.19"]
[White "Le Dantec, Brieuc"]
[Black "Ider, Bayar"]
[Result "0-1"]
[WhiteElo "1199"]
[BlackElo "1222"]
[Annotator "Rivier,Sylvain"]
[PlyCount "34"]
[EventDate "2016.??.??"]

{Défense scandinave} 1. e4 d5 2. exd5 Qxd5 3. Nc3 Qa5 4. d4 Nf6 5. Nf3 Bg4 6.
Be2 Nc6 7. O-O O-O-O 8. Be3 e5 9. Ng5 Bxe2 10. Nxe2 exd4 11. Nxf7 dxe3 12. Nxd8
exf2+ 13. Rxf2 Nxd8 14. c3 Qb6 15. Qc2 Kb8 16. Kf1 Ng4 17. Rf4 Ne3+ 0-1

[Event "17e tournoi de Noël"]
[Site "Montigny le Bretonneux"]
[Date "2016.12.28"]
[Round "4.20"]
[White "Jen, Jin-Xian-Koki"]
[Black "Sondermeijer, Antoine"]
[Result "0-1"]
[WhiteElo "1302"]
[BlackElo "1399"]
[Annotator "Rivier,Sylvain"]
[PlyCount "54"]
[EventDate "2016.??.??"]

{Défense sicilienne, fianchetto accéléré} 1. e4 c5 2. Nf3 Nc6 3. d4 cxd4 4.
Nxd4 g6 5. Nc3 Bg7 6. Nxc6 bxc6 7. g3 d6 8. Bg2 Bb7 9. Be3 e6 10. Qd2 Qc7 11.
Rd1 Rd8 12. Bxa7 Qa5 13. Be3 Ne7 14. O-O O-O 15. f3 Rfe8 16. Bg5 Qb6+ 17. Be3
Qa5 18. Qf2 d5 19. Bb6 Qb4 20. Bxd8 Rxd8 21. Rb1 Bd4 22. a3 Bxf2+ 23. Rxf2 Qa5
24. exd5 Nxd5 25. Re2 Ba6 26. Rd2 f5 27. Rd4 Qb6 0-1

[Event "17e tournoi de Noël"]
[Site "Montigny le Bretonneux"]
[Date "2016.12.28"]
[Round "4.21"]
[White "Handichi, Abdelkader"]
[Black "Tanchoux, Pierre"]
[Result "1-0"]
[WhiteElo "1409"]
[BlackElo "1311"]
[Annotator "Rivier,Sylvain"]
[PlyCount "51"]
[EventDate "2016.??.??"]

{Défense sicilienne, variante Paulsen} 1. e4 c5 2. Nf3 d6 3. d4 cxd4 4. Nxd4
Nf6 5. Nc3 a6 6. Bd3 e6 7. O-O Be7 8. Be3 O-O 9. Nf3 Nc6 10. Ne2 b5 11. Ng3 Bb7
12. c3 Ng4 13. Qc2 Nce5 14. Nxe5 Nxe5 15. Bd4 Nxd3 16. Qxd3 e5 17. Be3 Bg5 18.
Nf5 Bxe3 19. Qxe3 Qe7 20. Qg5 f6 21. Qg4 Rad8 22. Rac1 Rfe8 23. c4 bxc4 24.
Rxc4 Qd7 25. Rfc1 Rc8 26. Nh6+ 1-0

[Event "17e tournoi de Noël"]
[Site "Montigny le Bretonneux"]
[Date "2016.12.29"]
[Round "5.2"]
[White "Etrog, Jonathan"]
[Black "Saugrain, Marc-Antoine"]
[Result "1-0"]
[WhiteElo "2247"]
[BlackElo "1821"]
[Annotator "Rivier,Sylvain"]
[PlyCount "93"]
[EventDate "2016.??.??"]

{Défense est-indienne, variante du fianchetto principale} 1. c4 Nf6 2. g3 g6 3.
Bg2 Bg7 4. Nc3 d6 5. d4 O-O 6. Nf3 Nbd7 7. O-O e5 8. e4 c6 9. h3 exd4 10. Nxd4
Qb6 11. Nb3 Ne5 12. Be3 Qc7 13. Qe2 Be6 14. Nd2 Ned7 15. f4 Nb6 16. Rac1 Rad8
17. Kh2 Rfe8 18. b3 Qe7 19. Qf2 d5 20. Bc5 Qc7 21. cxd5 cxd5 22. e5 Nh5 23. Ne2
f5 24. Nf3 h6 25. h4 Qf7 26. Ned4 Bf8 27. Nb5 Nc8 28. Nfd4 Ng7 29. Rfd1 a6 30.
Bxf8 Rxf8 31. Nc7 Ne7 32. Ndxe6 Nxe6 33. Nxd5 Kg7 34. Nxe7 Qxe7 35. Qb6 Rxd1
36. Rxd1 Rd8 37. Rxd8 Nxd8 38. Bd5 g5 39. h5 Qe8 40. Qf6+ Kh7 41. Qxf5+ Kh8 42.
Qf6+ Kh7 43. Be4+ Kg8 44. Qxh6 Qd7 45. Qxg5+ Kf8 46. Qf6+ Kg8 47. Qd6 1-0

[Event "17e tournoi de Noël"]
[Site "Montigny le Bretonneux"]
[Date "2016.12.29"]
[Round "5.3"]
[White "Ibazizen, Abdelatif"]
[Black "Benbakir, Chouaib"]
[Result "0-1"]
[WhiteElo "2021"]
[BlackElo "1729"]
[Annotator "Rivier,Sylvain"]
[PlyCount "91"]
[EventDate "2016.??.??"]

{Défense Pirc} 1. e4 d6 2. d4 Nf6 3. Nc3 g6 4. Be3 Bg7 5. Qd2 O-O 6. f3 e5 7.
Nge2 c6 8. O-O-O Qc7 9. g4 b5 10. g5 Nh5 11. Ng3 Nf4 12. Bxf4 exf4 13. Qxf4 a5
14. Rd2 a4 15. Nd1 b4 16. Qe3 c5 17. dxc5 dxc5 18. Bc4 Nd7 19. Bd5 Ra7 20. Ne2
Nb6 21. f4 Rd8 22. c4 bxc3 23. Ndxc3 Ba6 24. Rhd1 Rb8 25. e5 Nc4 26. Bxc4 Bxc4
27. Nd5 Qa5 28. Nec3 Rab7 29. Qe4 Bxa2 30. Nf6+ Bxf6 31. gxf6 Rb4 32. Qd3 Rd4
33. Qh3 a3 34. b4 Qxb4 35. Rxa2 Rc4 36. Kd2 Rd8+ 37. Ke2 Rxd1 38. Nxd1 Re4+ 39.
Ne3 h5 40. Qc8+ Kh7 41. Rd2 Qc4+ 42. Kf2 Rxf4+ 43. Ke1 Re4 44. Re2 a2 45. Nxc4
a1=Q+ 46. Kf2 0-1

[Event "17e tournoi de Noël"]
[Site "Montigny le Bretonneux"]
[Date "2016.12.29"]
[Round "5.4"]
[White "Larramendy, Pierre"]
[Black "Ribiere, Damien"]
[Result "1-0"]
[WhiteElo "1796"]
[BlackElo "1957"]
[Annotator "Rivier,Sylvain"]
[PlyCount "101"]
[EventDate "2016.??.??"]

{Défense est-indienne, variante Sämisch} 1. d4 Nf6 2. c4 g6 3. Nc3 Bg7 4. e4 d6
5. f3 O-O 6. Be3 Nbd7 7. Bd3 c5 8. Nge2 a6 9. O-O Qa5 10. Qd2 Rb8 11. a4 Ne8
12. Rfd1 cxd4 13. Nxd4 Nc5 14. Ra3 Bd7 15. Nd5 Qd8 16. a5 e6 17. Nc3 f5 18. Bc2
f4 19. Bf2 Qg5 20. Kh1 e5 21. Nde2 Be6 22. b4 Nd7 23. Ba4 Rd8 24. Nd5 h5 25. c5
h4 26. h3 Nef6 27. Ne7+ Kh7 28. cxd6 Nh5 29. Qe1 Ng3+ 30. Bxg3 hxg3 31. Ng1 Bf6
32. Nd5 Nb8 33. Nc7 Bc8 34. Qd2 Rf7 35. Qc2 Kg8 36. Rad3 Bd7 37. Bb3 Kg7 38.
Bxf7 Kxf7 39. Nd5 Bb5 40. Rc3 Nc6 41. Nc7 Nd4 42. Qa2+ Kg7 43. Rxd4 exd4 44.
Ne6+ Kh6 45. Nxg5 dxc3 46. Nf7+ Kg7 47. Nxd8 Bxd8 48. Ne2 Bf6 49. Qc2 Bxe2 50.
Qxe2 Kf7 51. e5 1-0

[Event "17e tournoi de Noël"]
[Site "Montigny le Bretonneux"]
[Date "2016.12.29"]
[Round "5.5"]
[White "Fayolle, Guy"]
[Black "Coquelin, Jonathan"]
[Result "1-0"]
[WhiteElo "1818"]
[BlackElo "1439"]
[Annotator "Rivier,Sylvain"]
[PlyCount "63"]
[EventDate "2016.??.??"]

{Défense sicilienne, variante Scheveningue} 1. e4 c5 2. Nf3 Nc6 3. d4 cxd4 4.
Nxd4 Nf6 5. Nc3 d6 6. Be2 e6 7. Be3 Be7 8. Qd2 O-O 9. O-O-O a6 10. g4 Nxd4 11.
Bxd4 e5 12. Be3 b5 13. g5 Ng4 14. Nd5 Nxe3 15. Nxe7+ Qxe7 16. Qxe3 f5 17. gxf6
Qxf6 18. Rd2 Kh8 19. Qa3 Bb7 20. f3 Qf4 21. Kd1 Qf7 22. Rxd6 Rfd8 23. Rxd8+
Rxd8+ 24. Kc1 Qf4+ 25. Kb1 Qd2 26. Qe7 Qd7 27. Qxe5 Re8 28. Qf4 b4 29. Rd1 Qe7
30. Qd6 Qg5 31. Qd7 Rb8 32. Qc7 1-0

[Event "17e tournoi de Noël"]
[Site "Montigny le Bretonneux"]
[Date "2016.12.29"]
[Round "5.6"]
[White "Tseveendorj, Ider"]
[Black "Verat-Fayolle, Celian"]
[Result "1-0"]
[WhiteElo "2118"]
[BlackElo "1704"]
[Annotator "Rivier,Sylvain"]
[PlyCount "55"]
[EventDate "2016.??.??"]

{Gambit dame} 1. d4 d5 2. c4 e6 3. cxd5 exd5 4. Qc2 Nd7 5. Nc3 Ngf6 6. Bg5 Be7
7. e3 O-O 8. Bd3 b6 9. Nf3 Bb7 10. O-O Rc8 11. Ne5 h6 12. Bxf6 Bxf6 13. Nxd7
Qxd7 14. Bh7+ Kh8 15. Bf5 Qe7 16. Bxc8 Rxc8 17. Qf5 g6 18. Qh3 Kg7 19. Nxd5 Qd6
20. Nxf6 Qxf6 21. Rac1 h5 22. Qg3 Kh7 23. Rxc7 Rxc7 24. Qxc7 Bd5 25. Qe5 Qc6
26. Re1 Bxg2 27. e4 Bf3 28. Qf4 1-0

[Event "17e tournoi de Noël"]
[Site "Montigny le Bretonneux"]
[Date "2016.12.29"]
[Round "5.7"]
[White "Appavou, Calixte"]
[Black "Artieres, Michel"]
[Result "1-0"]
[WhiteElo "1917"]
[BlackElo "1783"]
[Annotator "Rivier,Sylvain"]
[PlyCount "119"]
[EventDate "2016.??.??"]

{Défense Alekhine, variante des quatre pions} 1. e4 Nf6 2. e5 Nd5 3. d4 d6 4.
c4 Nb6 5. exd6 exd6 6. d5 Be7 7. Bd3 N8d7 8. Nf3 Nc5 9. h3 Bf6 10. O-O Nxd3 11.
Qxd3 O-O 12. Nc3 g6 13. b3 Bf5 14. Qd2 Re8 15. Bb2 c6 16. dxc6 bxc6 17. Nd4 Bd7
18. Rfe1 Bg7 19. Rxe8+ Qxe8 20. Re1 Qf8 21. Nf3 Be6 22. Ne4 d5 23. cxd5 Nxd5
24. Neg5 Rd8 25. Bxg7 Qxg7 26. Qa5 Rd7 27. Nxe6 fxe6 28. Rxe6 Qa1+ 29. Re1 Qf6
30. Qa6 Kg7 31. Qc8 Rf7 32. Qe6 Qxe6 33. Rxe6 Rc7 34. Rd6 Nb4 35. Nd4 Kf7 36.
a3 c5 37. axb4 cxd4 38. Rxd4 Ke6 39. b5 Rc1+ 40. Kh2 Rc5 41. Rb4 Rc8 42. b6 a5
43. Rb5 Rb8 44. g4 Kd6 45. Rxa5 Rxb6 46. Ra7 h6 47. b4 Ke5 48. Ra4 Kf6 49. Kg3
h5 50. f3 hxg4 51. hxg4 g5 52. f4 gxf4+ 53. Kxf4 Kg6 54. Ke4 Rf6 55. b5 Kg5 56.
Kd5 Rf1 57. Rb4 Rc1 58. b6 Rd1+ 59. Kc6 Rc1+ 60. Kb5 1-0

[Event "17e tournoi de Noël"]
[Site "Montigny le Bretonneux"]
[Date "2016.12.29"]
[Round "5.9"]
[White "Danzanvilliers, Patrice"]
[Black "Benbakir, Ameur"]
[Result "1-0"]
[WhiteElo "1725"]
[BlackElo "1495"]
[Annotator "Rivier,Sylvain"]
[PlyCount "43"]
[EventDate "2016.??.??"]

{Défense sicilienne, attaque yougoslave} 1. e4 c5 2. Nf3 Nc6 3. d4 cxd4 4. Nxd4
Nf6 5. Nc3 d6 6. Bc4 g6 7. f3 Bg7 8. Be3 O-O 9. Qd2 Ne5 10. Bb3 a6 11. O-O-O b5
12. h4 h5 13. Rdg1 Bd7 14. Bh6 Nc4 15. Bxc4 bxc4 16. g4 Rb8 17. gxh5 Nxh5 18.
Bxg7 Kxg7 19. Rg5 Qb6 20. Nd1 f5 21. Rhg1 f4 22. Rxh5 1-0

[Event "17e tournoi de Noël"]
[Site "Montigny le Bretonneux"]
[Date "2016.12.29"]
[Round "5.10"]
[White "Houhou, Alexandre"]
[Black "Longbien, Dominique"]
[Result "1-0"]
[WhiteElo "1679"]
[BlackElo "1513"]
[Annotator "Rivier,Sylvain"]
[PlyCount "49"]
[EventDate "2016.??.??"]

{Partie espagnole, défense Morphy} 1. e4 e5 2. Nf3 Nc6 3. Bb5 Nf6 4. O-O Bc5 5.
c3 a6 6. Ba4 O-O 7. d4 b5 8. Bc2 Bb6 9. dxe5 Ng4 10. Nd4 Ngxe5 11. f4 Nxd4 12.
cxd4 Nc6 13. Be3 d6 14. Nc3 Re8 15. Nd5 Ba7 16. Qd3 Be6 17. Rf3 g6 18. f5 Bxd5
19. exd5 Nb4 20. fxg6 Rxe3 21. gxf7+ Kf8 22. Qxh7 Rxf3 23. Qg8+ Ke7 24. Re1+
Kd7 25. Qg4+ 1-0

[Event "17e tournoi de Noël"]
[Site "Montigny le Bretonneux"]
[Date "2016.12.29"]
[Round "5.11"]
[White "Barthere, Gilles"]
[Black "Couradin, Jean-Marie"]
[Result "1/2-1/2"]
[WhiteElo "1509"]
[BlackElo "1648"]
[Annotator "Rivier,Sylvain"]
[PlyCount "57"]
[EventDate "2016.??.??"]

{Défense sicilienne, variante Najdorf} 1. e4 c5 2. Nf3 d6 3. d4 cxd4 4. Nxd4
Nf6 5. Nc3 a6 6. Bg5 e6 7. f4 Nbd7 8. Qd2 Be7 9. O-O-O b5 10. Nc6 Qc7 11. Nxe7
Kxe7 12. Kb1 Bb7 13. Bxb5 Rhd8 14. Ba4 Nc5 15. Rhe1 Kf8 16. Bxf6 gxf6 17. f5
Rac8 18. Qh6+ Ke7 19. fxe6 Nxa4 20. Qxh7 Nxc3+ 21. bxc3 Kxe6 22. Qf5+ Ke7 23.
Rf1 Qxc3 24. e5 Qb4+ 25. Kc1 Qa3+ 26. Kb1 Qb4+ 27. Kc1 Qa3+ 28. Kb1 Qb4+ 29.
Kc1 1/2-1/2

[Event "17e tournoi de Noël"]
[Site "Montigny le Bretonneux"]
[Date "2016.12.29"]
[Round "5.12"]
[White "Nguyen, Hai Long"]
[Black "Payot, Guillaume"]
[Result "1-0"]
[WhiteElo "1567"]
[BlackElo "1199"]
[Annotator "Rivier,Sylvain"]
[PlyCount "51"]
[EventDate "2016.??.??"]

{Défense bogo-indienne} 1. d4 Nf6 2. c4 e6 3. Nf3 Bb4+ 4. Bd2 Bxd2+ 5. Qxd2 O-O
6. Nc3 d5 7. e3 Nbd7 8. Bd3 Nb6 9. c5 Nc4 10. Bxc4 dxc4 11. Qe2 c6 12. Qxc4 b5
13. cxb6 Qxb6 14. Qe2 Ba6 15. Qd2 Rab8 16. Na4 Rfd8 17. Nxb6 Rxb6 18. Qc2 Rdb8
19. b3 Nd5 20. Ne5 Nb4 21. Qd2 R8b7 22. Nc4 Bxc4 23. bxc4 a5 24. O-O Rd7 25.
Rfe1 c5 26. a3 1-0

[Event "17e tournoi de Noël"]
[Site "Montigny le Bretonneux"]
[Date "2016.12.29"]
[Round "5.13"]
[White "Ider, Bayar"]
[Black "Ider, Jargalan"]
[Result "0-1"]
[WhiteElo "1222"]
[BlackElo "1537"]
[Annotator "Rivier,Sylvain"]
[PlyCount "152"]
[EventDate "2016.??.??"]

{Partie du pion dame, variante Tartacover} 1. d4 d5 2. Nf3 Nf6 3. Bg5 e6 4. e3
c5 5. c4 Qb6 6. Qb3 Nbd7 7. cxd5 Nxd5 8. e4 N5f6 9. Bxf6 Nxf6 10. Bb5+ Bd7 11.
Bxd7+ Nxd7 12. Qxb6 Nxb6 13. Nbd2 Rc8 14. O-O cxd4 15. Nxd4 Bb4 16. N4f3 O-O
17. Rac1 h6 18. a3 Bxd2 19. Nxd2 Rfd8 20. Nf3 Nc4 21. Rc2 Ne5 22. Rxc8 Nxf3+
23. gxf3 Rxc8 24. Rb1 Rc2 25. a4 b6 26. b4 Ra2 27. Kf1 Rxa4 28. Ke2 Ra2+ 29.
Ke3 e5 30. b5 Ra3+ 31. Ke2 Kh7 32. Kf1 Rxf3 33. Ra1 f6 34. Rxa7 Rb3 35. Ke2
Rxb5 36. Ra2 Rb4 37. f3 b5 38. Kd3 Rd4+ 39. Kc3 b4+ 40. Kc2 Kg6 41. Ra1 Kh5 42.
Rg1 g5 43. Rf1 Kh4 44. Ra1 Rd6 45. Ra8 b3+ 46. Kc3 Rb6 47. Rh8 Kh5 48. Kb2 Rb4
49. Rg8 Rd4 50. Rg6 Rd6 51. Kc3 Rb6 52. Kb2 Kh4 53. Rg8 h5 54. Rd8 Kh3 55. Rd2
g4 56. fxg4 hxg4 57. Re2 g3 58. hxg3 Kxg3 59. Re3+ Kf4 60. Re1 Kf3 61. Kb1 b2
62. Rh1 Kxe4 63. Rh4+ Kd5 64. Rh8 f5 65. Rd8+ Ke4 66. Rd1 f4 67. Re1+ Kf5 68.
Rh1 e4 69. Rh5+ Kg4 70. Re5 e3 71. Re8 Kf3 72. Rh8 e2 73. Rh1 Kf2 74. Rh2+ Ke1
75. Rh3 Kd2 76. Rh2 Kd1 0-1

[Event "17e tournoi de Noël"]
[Site "Montigny le Bretonneux"]
[Date "2016.12.29"]
[Round "5.14"]
[White "Bouloc, Roger"]
[Black "Alif, Yassine"]
[Result "1/2-1/2"]
[WhiteElo "1413"]
[BlackElo "1445"]
[Annotator "Rivier,Sylvain"]
[PlyCount "122"]
[EventDate "2016.??.??"]

{Défense sicilienne, attaque Richter Rauser} 1. e4 c5 2. Nf3 d6 3. d4 cxd4 4.
Nxd4 Nf6 5. Nc3 a6 6. Be2 Nc6 7. O-O e6 8. Bg5 Be7 9. a3 Bd7 10. Bf3 Rc8 11.
Re1 O-O 12. Qd3 Ne5 13. Qd2 Nxf3+ 14. Nxf3 Qc7 15. h3 h6 16. Bh4 Rfd8 17. Rac1
Bc6 18. Nd4 b5 19. Nxc6 Qxc6 20. Qe2 Rd7 21. Bg3 Rcd8 22. Rcd1 Qc5 23. e5 dxe5
24. Bxe5 Rxd1 25. Rxd1 Rxd1+ 26. Nxd1 Nd5 27. c3 Bd6 28. Bd4 Qc7 29. Qg4 Be5
30. Be3 Nxe3 31. Nxe3 Qd6 32. Qe2 Bf4 33. g3 Bxe3 34. Qxe3 Qd1+ 35. Kg2 Qc2 36.
Qb6 Qxb2 37. Qxa6 Qb3 38. Qc6 Qd5+ 39. Qxd5 exd5 40. Kf3 f6 41. Ke3 Kf7 42. Kd4
Ke6 43. Kc5 f5 44. f3 g5 45. g4 fxg4 46. hxg4 Ke5 47. Kxb5 Kf4 48. a4 Kxf3 49.
a5 Kxg4 50. a6 h5 51. a7 h4 52. a8=Q Kh3 53. Qxd5 g4 54. Qd3+ g3 55. Qf1+ Kh2
56. c4 h3 57. c5 g2 58. Qf2 Kh1 59. Qf3 Kh2 60. Qf2 Kh1 61. Qf3 Kh2 1/2-1/2

[Event "17e tournoi de Noël"]
[Site "Montigny le Bretonneux"]
[Date "2016.12.29"]
[Round "5.15"]
[White "Chaintreau, Thomas"]
[Black "De Lagontrie, Jean"]
[Result "0-1"]
[WhiteElo "1099"]
[BlackElo "1746"]
[Annotator "Rivier,Sylvain"]
[PlyCount "64"]
[EventDate "2016.??.??"]

{Défense sicilienne} 1. e4 c5 2. Nc3 Nc6 3. Nf3 e6 4. Be2 d5 5. exd5 exd5 6. d4
cxd4 7. Nxd4 Bb4 8. Nxc6 bxc6 9. O-O Nf6 10. Re1 O-O 11. Bg5 Bf5 12. a3 Bd6 13.
h3 Qc7 14. Kh1 d4 15. Na4 Ne4 16. Bd3 Nxf2+ 17. Kg1 Nxd1 18. Bxf5 Ne3 19. Bxe3
dxe3 20. Rxe3 Rfe8 21. Rd3 Re5 22. Bg4 Rae8 23. Rad1 h5 24. Bf3 R8e6 25. b4 Qe7
26. Kf1 Rf5 27. Kg1 Rxf3 28. gxf3 Qg5+ 29. Kf1 Bh2 30. Rd8+ Kh7 31. Kf2 Qg3+
32. Kf1 Qg1# 0-1

[Event "17e tournoi de Noël"]
[Site "Montigny le Bretonneux"]
[Date "2016.12.29"]
[Round "5.16"]
[White "Sondermeijer, Antoine"]
[Black "Mongey, Alain"]
[Result "0-1"]
[WhiteElo "1399"]
[BlackElo "1589"]
[Annotator "Rivier,Sylvain"]
[PlyCount "122"]
[EventDate "2016.??.??"]

{Défense sicilienne, variante du dragon} 1. e4 c5 2. Nf3 Nc6 3. d4 cxd4 4. Nxd4
g6 5. Be3 Bg7 6. Nc3 d6 7. Qd2 Nf6 8. O-O-O Ng4 9. Nxc6 bxc6 10. e5 Nxe3 11.
Qxe3 Bxe5 12. Bc4 O-O 13. h4 Be6 14. f4 Bxc3 15. Qxc3 Bg4 16. Rd2 Qb6 17. Qg3
h5 18. f5 Bxf5 19. Qg5 d5 20. Bd3 e6 21. Bxf5 exf5 22. Rf1 Qd8 23. Rxf5 Qxg5
24. Rxg5 Rae8 25. b3 Re4 26. Rg3 Rfe8 27. Rc3 R8e6 28. g3 f5 29. Kb2 Kf7 30.
Rc5 Kf6 31. Ra5 Re7 32. Ra6 R4e6 33. b4 g5 34. hxg5+ Kxg5 35. b5 cxb5 36. Rxe6
Rxe6 37. Rxd5 a6 38. a3 Re4 39. Rd8 Kg4 40. Rg8+ Kf3 41. Rg5 Re5 42. c3 a5 43.
Kb3 a4+ 44. Kb4 Kf2 45. Rg8 Kf3 46. Rg5 Rc5 47. Rg8 Kg2 48. Rg5 Kh3 49. Rg8 Rd5
50. Rg7 h4 51. gxh4 Kxh4 52. Rh7+ Kg3 53. Rg7+ Kf3 54. Rb7 f4 55. Rf7 Ke3 56.
c4 bxc4 57. Kxc4 Rd4+ 58. Kc5 f3 59. Rf8 Rf4 60. Rxf4 Kxf4 61. Kd4 f2 0-1

[Event "17e tournoi de Noël"]
[Site "Montigny le Bretonneux"]
[Date "2016.12.29"]
[Round "5.18"]
[White "Fruchard, Alois"]
[Black "Handichi, Abdelkader"]
[Result "1/2-1/2"]
[WhiteElo "1174"]
[BlackElo "1409"]
[Annotator "Rivier,Sylvain"]
[PlyCount "103"]
[EventDate "2016.??.??"]

{Gambit dame, défense Tarrasch} 1. d4 d5 2. c4 e6 3. Nc3 Nf6 4. e3 c5 5. cxd5
exd5 6. Nf3 Nc6 7. Bd3 Bg4 8. dxc5 Bxc5 9. Be2 O-O 10. O-O d4 11. Na4 Be7 12.
exd4 Bxf3 13. Bxf3 Nxd4 14. Bf4 Nxf3+ 15. Qxf3 b5 16. Nc3 b4 17. Ne2 Re8 18.
Rfd1 Qa5 19. Rd3 Rad8 20. Rxd8 Rxd8 21. Ng3 Bd6 22. Bxd6 Rxd6 23. h3 h6 24. Nf5
Re6 25. a3 bxa3 26. Rxa3 Re1+ 27. Kh2 Qe5+ 28. g3 Re2 29. Re3 Rxe3 30. Nxe3
Qxb2 31. Kg2 Qb8 32. g4 a5 33. Nc4 Qa7 34. Qa3 Qb7+ 35. f3 h5 36. Nxa5 Qd5 37.
Qb4 hxg4 38. hxg4 Nxg4 39. Qxg4 Qa2+ 40. Kg3 Qxa5 41. Kh4 Qd8+ 42. Kg3 Qf6 43.
Qc8+ Kh7 44. Qh3+ Qh6 45. Qf5+ Qg6+ 46. Kf4 Qxf5+ 47. Kxf5 Kh6 48. f4 Kh5 49.
Ke4 f6 50. Kf5 Kh6 51. Kg4 Kg6 52. f5+ 1/2-1/2

[Event "17e tournoi de Noël"]
[Site "Montigny le Bretonneux"]
[Date "2016.12.29"]
[Round "5.19"]
[White "Ider, Ariuna"]
[Black "Chaintreau, Maxime"]
[Result "1-0"]
[WhiteElo "1119"]
[BlackElo "1110"]
[Annotator "Rivier,Sylvain"]
[PlyCount "39"]
[EventDate "2016.??.??"]

{Partie du pion dame} 1. d4 Nf6 2. Nf3 c5 3. c3 d5 4. Bf4 Nc6 5. e3 e6 6. Bd3
c4 7. Bc2 g6 8. O-O Bg7 9. Nbd2 O-O 10. Qe2 Qe7 11. e4 Re8 12. Bg5 Qd7 13. e5
Ng4 14. Nh4 Nh6 15. Bf6 Bxf6 16. exf6 Nf5 17. Qg4 Nxh4 18. Qxh4 e5 19. Qh6 Qe6
20. Qg7# 1-0

[Event "17e tournoi de Noël"]
[Site "Montigny le Bretonneux"]
[Date "2016.12.29"]
[Round "5.20"]
[White "Thomas, Robert"]
[Black "Jen, Jin-Xian-Koki"]
[Result "0-1"]
[WhiteElo "1348"]
[BlackElo "1302"]
[Annotator "Rivier,Sylvain"]
[PlyCount "66"]
[EventDate "2016.??.??"]

{Défense Petroff} 1. e4 e5 2. Nf3 Nf6 3. Nc3 Bb4 4. d3 Nc6 5. Bd2 Bxc3 6. Bxc3
d6 7. h3 O-O 8. Be2 h6 9. O-O Be6 10. Bd2 Qd7 11. Nh2 Nd4 12. c3 Nxe2+ 13. Qxe2
c5 14. c4 Rac8 15. f4 exf4 16. Bxf4 Rfe8 17. Qf3 b6 18. b3 a5 19. e5 dxe5 20.
Bxe5 Nh7 21. Qg3 f6 22. Bxf6 Nxf6 23. Rxf6 Qd4+ 24. Kf1 Qxf6+ 25. Nf3 Qxa1+ 26.
Kf2 Qxa2+ 27. Kg1 Qxb3 28. Qh2 Rcd8 29. Ne5 Qc3 30. Qf4 Rxd3 31. Nxd3 Qxd3 32.
Qc7 Bxc4 33. Qf4 Qd4+ 0-1

[Event "17e tournoi de Noël"]
[Site "Montigny le Bretonneux"]
[Date "2016.12.29"]
[Round "6.1"]
[White "Etrog, Jonathan"]
[Black "Fruchard, Cyrille"]
[Result "1/2-1/2"]
[WhiteElo "2247"]
[BlackElo "2084"]
[Annotator "Rivier,Sylvain"]
[PlyCount "71"]
[EventDate "2016.??.??"]

{Défense est-indienne, variante du fianchetto} 1. c4 Nf6 2. g3 g6 3. Bg2 Bg7 4.
Nc3 O-O 5. d4 d6 6. Nf3 Nc6 7. O-O e5 8. dxe5 Nxe5 9. Nxe5 dxe5 10. Qxd8 Rxd8
11. Bg5 Rd4 12. b3 c6 13. Na4 Kf8 14. Be3 Rd8 15. Rad1 Rxd1 16. Rxd1 Ke8 17.
Nc5 Nd7 18. Ne4 f5 19. Nd6+ Ke7 20. Bc1 e4 21. f3 exf3 22. exf3 Be5 23. Ba3
Bxd6 24. Bxd6+ Kf6 25. Re1 a5 26. Re8 a4 27. Bf1 axb3 28. axb3 c5 29. Kf2 h6
30. Ke3 b6 31. f4 Bb7 32. Rxa8 Bxa8 33. Be2 Be4 34. Bd1 Ke6 35. Bc7 h5 36. Kd2
1/2-1/2

[Event "17e tournoi de Noël"]
[Site "Montigny le Bretonneux"]
[Date "2016.12.29"]
[Round "6.2"]
[White "Van Dongen, Patrick"]
[Black "Larramendy, Pierre"]
[Result "1-0"]
[WhiteElo "2311"]
[BlackElo "1796"]
[Annotator "Rivier,Sylvain"]
[PlyCount "37"]
[EventDate "2016.??.??"]

{Gambit dame, défense semi-slave} 1. d4 d5 2. Nf3 Nf6 3. c4 c6 4. e3 e6 5. Bd3
Be7 6. O-O O-O 7. Nc3 Nbd7 8. Qe2 b6 9. e4 dxe4 10. Nxe4 Bb7 11. Rd1 Nxe4 12.
Qxe4 Nf6 13. Qh4 g6 14. Bg5 Re8 15. Ne5 Rf8 16. Ng4 Nd5 17. f4 Bxg5 18. fxg5 f5
19. Nh6+ 1-0

[Event "17e tournoi de Noël"]
[Site "Montigny le Bretonneux"]
[Date "2016.12.29"]
[Round "6.3"]
[White "Benbakir, Chouaib"]
[Black "Fayolle, Guy"]
[Result "1-0"]
[WhiteElo "1729"]
[BlackElo "1818"]
[Annotator "Rivier,Sylvain"]
[PlyCount "85"]
[EventDate "2016.??.??"]

{Défense des deux cavaliers, variante principale} 1. e4 e5 2. Nf3 Nc6 3. Bc4
Nf6 4. Ng5 d5 5. exd5 Na5 6. Bb5+ c6 7. dxc6 bxc6 8. Be2 h6 9. Nf3 e4 10. Ne5
Bc5 11. f4 O-O 12. c3 Qb6 13. b4 Bf2+ 14. Kf1 Nb7 15. Nc4 Qc7 16. Kxf2 Qxf4+
17. Kg1 Re8 18. Qf1 Qg5 19. Nba3 Nd5 20. Nc2 Re6 21. d4 e3 22. Ne5 Nf4 23. h4
Qg3 24. Qf3 Rf6 25. Qxg3 Nxe2+ 26. Kh2 Nxg3 27. Kxg3 e2 28. Re1 Nd6 29. Rxe2
Nf5+ 30. Kh2 Nxh4 31. Ne3 Ba6 32. c4 Rd8 33. Bb2 Re6 34. Rae1 Rde8 35. a4 f6
36. b5 cxb5 37. axb5 Bb7 38. d5 Rxe5 39. Bxe5 Rxe5 40. Ng4 Rxe2 41. Rxe2 Kf7
42. d6 Bc8 43. Re7+ 1-0

[Event "17e tournoi de Noël"]
[Site "Montigny le Bretonneux"]
[Date "2016.12.29"]
[Round "6.4"]
[White "Appavou, Calixte"]
[Black "Tseveendorj, Ider"]
[Result "0-1"]
[WhiteElo "1917"]
[BlackElo "2118"]
[Annotator "Rivier,Sylvain"]
[PlyCount "118"]
[EventDate "2016.??.??"]

{Défense scandinave} 1. e4 d5 2. exd5 Qxd5 3. Nc3 Qa5 4. d4 Nf6 5. Bd3 Bg4 6.
Be2 Bxe2 7. Ngxe2 Nc6 8. Be3 O-O-O 9. Qc1 e5 10. dxe5 Nxe5 11. O-O Rg8 12. a3
Neg4 13. Bf4 g5 14. b4 Qf5 15. Bg3 h5 16. f3 Ne5 17. Qe3 Nc6 18. Bf2 Bd6 19.
Ne4 Rge8 20. N2c3 Qg6 21. Qxg5 Qxg5 22. Nxg5 Bf4 23. Nge4 Nxe4 24. Nxe4 f5 25.
Nc5 Re2 26. Nd3 Bd2 27. b5 Nd4 28. Bxd4 Rxd4 29. Rad1 Be3+ 30. Kh1 Rxc2 31. Nb4
Rcd2 32. Rxd2 Rxd2 33. g3 c5 34. bxc6 a5 35. cxb7+ Kxb7 36. Rb1 axb4 37. Rxb4+
Kc6 38. Rh4 Kd6 39. Rxh5 Ke6 40. Rh4 Rf2 41. Rb4 Bc5 42. Rb3 Kd5 43. a4 Kc4 44.
Rb1 Ra2 45. g4 f4 46. Re1 Be3 47. g5 Kd5 48. h4 Ke5 49. Rb1 Kf5 50. Rb5+ Kg6
51. Rb8 Rxa4 52. Rg8+ Kh7 53. Rc8 Ra2 54. h5 Ra7 55. Kg2 Rg7 56. g6+ Kh6 57.
Rh8+ Kg5 58. Rh7 Rxh7 59. gxh7 Bd4 0-1